| 000 | 00823nam a2200253Ia 4500 | ||
|---|---|---|---|
| 003 | OSt | ||
| 005 | 20220928121413.0 | ||
| 006 | a|||||r|||| 00| 0 | ||
| 007 | ta | ||
| 008 | 220927b |||||||| |||| 00| 0 eng d | ||
| 020 | _c6602.6999999999998 | ||
| 024 | _a119518 | ||
| 037 |
_b025, 13/09/2013, Excel Book International _cTextual |
||
| 040 |
_aSDCL _cSDCL _beng |
||
| 041 |
_2eng _aeng |
||
| 082 | _aV3,945'L94-->M05, Q3 | ||
| 100 |
_aWard Peter A _9451992 |
||
| 245 | 0 |
_aBritish naval power in the East 1794-1805 _b The command of Admiral Peter Rainier |
|
| 260 |
_aWoodbridge _bThe Boydelll Press _c2013 |
||
| 300 |
_axii;285p. _ccm. |
||
| 650 | _aHistory | ||
| 942 |
_hV3,945'L94-->M05, Q3 _cTEXL _2CC |
||
| 999 |
_c765979 _d765979 |
||